Organisation of library automation / (Record no. 8609)

MARC details
000 -LEADER
fixed length control field 00594nam a22002052 4500
001 - CONTROL NUMBER
control field 0000018648
005 - DATE AND TIME OF LATEST TRANSACTION
control field 20151217152132.0
008 - FIXED-LENGTH DATA ELEMENTS--GENERAL INFORMATION
fixed length control field 100224s xx 000 0 eng d
020 ## - INTERNATIONAL STANDARD BOOK NUMBER
International Standard Book Number 8126103523 :
040 ## - CATALOGING SOURCE
Original cataloging agency KABU
Transcribing agency KABU
245 10 - TITLE STATEMENT
Title Organisation of library automation /
Statement of responsibility, etc. edited by S. K. Pandey.
250 ## - EDITION STATEMENT
Edition statement 1st ed.
260 ## - PUBLICATION, DISTRIBUTION, ETC. (IMPRINT)
Place of publication, distribution, etc. New Delhi :
Name of publisher, distributor, etc. Anmol,
Date of publication, distribution, etc. 2000.
300 ## - PHYSICAL DESCRIPTION
Extent vii, 305 p.
650 #0 - SUBJECT ADDED ENTRY--TOPICAL TERM
Topical term or geographic name as entry element Libraries
General subdivision Automation.
-- 0000156628
700 1# - ADDED ENTRY--PERSONAL NAME
Personal name Pandey, S. K.
-- 0000177972
852 1# - LOCATION
-- p3550 KES
908 ## - PUT COMMAND PARAMETER (RLIN)
Put command parameter 100224
950 ## - LOCAL HOLDINGS (RLIN)
-- 1
Holdings
Withdrawn status Lost status Source of classification or shelving scheme Not for loan Home library Current library Date acquired Total Checkouts Full call number Barcode Date last seen Price effective from Koha item type
    Library of Congress Classification   Kabarak, Main Campus Kabarak, Main Campus 17/12/2015   Z678.9 .O74 2000 c. 1 18671 17/12/2015 17/12/2015 General Collection
Designed with assistance from East African Informatics Ltd